Science education in Japan : Views and ideas
Đã lưu trong:
| Formáid: | Leabhar |
|---|---|
| Teanga: | Undetermined |
| Foilsithe: |
Japan
The Japanese Natinal Commission for Unesco
1968
|
| Ábhair: | |
| Clibeanna: |
Cuir Clib Leis
Gan Chlibeanna, Bí ar an gcéad duine leis an taifead seo a chlibeáil!
|
| Thư viện lưu trữ: | Trung tâm Học liệu Trường Đại học Cần Thơ |
|---|
| LEADER | 00518nam a2200193Ia 4500 | ||
|---|---|---|---|
| 001 | CTU_95856 | ||
| 008 | 210402s9999 xx 000 0 und d | ||
| 082 | |a 507 | ||
| 082 | |b S416 | ||
| 245 | 0 | |a Science education in Japan : | |
| 245 | 0 | |b Views and ideas | |
| 260 | |a Japan | ||
| 260 | |b The Japanese Natinal Commission for Unesco | ||
| 260 | |c 1968 | ||
| 650 | |a Science,Education | ||
| 650 | |x Study and teaching | ||
| 650 | |z Japan | ||
| 904 | |i M.Loan | ||
| 980 | |a Trung tâm Học liệu Trường Đại học Cần Thơ | ||